Normal view MARC view
  • Adopción

Entry Materia

Number of records used in: 4

001 - NÚMERO DE CONTROL DEL REGISTRO

  • campo de control: 195

003 - IDENTIFICADOR DE NUMERO DE CONTROL

  • campo de control: MX-MxUPN

005 - FECHA Y HORA DE LA ÚLTIMA TRANSACCIÓN

  • campo de control: 20240910101121.0

008 - DATOS DE LONGITUD FIJA

  • campo de control de longitud fija: 240910|||acannbabn n ana |d

035 ## - NÚMERO DE CONTROL DEL SISTEMA

  • Número de control del sistema: UPN10000000195

040 ## - FUENTE DE LA CATALOGACIÓN

  • Lengua de catalogación: spa
  • Agencia de transcripción: MX-MxUPN
  • Centro catalogador de origen: MX-MxUPN

150 ## - ENCABEZAMIENTO - TEMÁTICO

  • Término de materia o nombre geográfico como elemento inicial: Adopción
  • Subdivisión de materia general: Leyes y legislación
  • Subdivisión geográfica: Argentina

670 ## - FUENTE EN LA QUE SE LOCALIZARON DATOS

  • Cita de la fuente: Autoridades LC, 10 septiembre 2024 :
  • Información localizada: (Adoption - Law and legislation - Argentina)

902 ## - CATALOGADOR

  • Catalogador: BDV/190603
  • Catalogador: MaríaRobles/100924